02042agaaa2200313 45000010005000000030009000050050017000140070009000310080040000400400023000800410013001031000044001161300020001602400025001802450189002052460018003942500022004122600132004343000034005665080165006005110085007655200618008505380016014685460013014846500059014977000056015567000061016127000055016736422IT-RoPAU20220918181238.0d cvaizq50131s9999||||xx ||| | || ||und|| aIT-RoPAUcIT-RoPAU aITALIANO aBunuel LuisgCodice regista SPICS: 8694 aBELLA DI GIORNO aBELLE DE JOURgT1754 aBELLA DI GIORNOcProdotto da: Hakim Robert E Raymo -- Sceneggiatura: Bunuel Luis Carriere Jean-Claude -- Diretto da: Bunuel LuispBELLA DI GIORNO (Rif. Codice opera principale : H6422) aBELLE DE JOUR aEdizione Standard aPARIGI - ROMA (FRANCIA - ITALIA)bPARIS FILM - FIVE FILM / Distribuzione: CIAKg"1967 (1° ed.: 2006 ; Ed. Lingua Orig.: 1967)" aDVDbsonoro, col.c100 minuti a"Fotografia: Vierny Sacha; Montaggio: Taverna-Hautecoeur L; Musica: Longuet Rene; Sceneggiatura: Bunuel Luis Carriere Jean-Claude; Scenografia: Clavel Robert; " a"Deneuve Catherine; Piccoli Michel; Sorel Jean; Page Genevieve; Clementi Pierre" a"PIERRE E SEVERINE SONO UNA GIOVANE COPPIA, IN APPARENZA FELICE. MA, MENTREPIERRE E' MOLTO IMPEGNATO DALLA SUA PROFESSIONE DI CHIRURGO, SEVERINE DI GIORNO E' SOLA E INSODDISFATTA. UN VUOTO ESISTENZIALE CHE LA GIOVANE DONNA FINISCE PER COLMARE CREANDOSI UNA SECONDA VITA: IN UNA CASA D'APPUNTAMENTI. LE DUE VITE DI SEVERINE PROCEDONO PARALLELE FINO A QUANDO UN GIOVANE DELINQUENTE, INNAMORATOSI DI LEI, NON LE FARA' TRAGICAMENTE INCONTRARE. LEONE D'ORO ALLA MOSTRA DEL CINEMA DI VENEZIA 1967. CONTENUTI EXTRA: PILLOLE DI CINEMA; BIOGRAFIA DEL REGISTA; FILMOGRAFIA DEL REGISTA; BIOGRAFIA DEGLI INTERPRETI; NIVITA'." aPAL, STEREO aITALIANO aDRAMMATICOeDVD-FILM [DVD]xCodice MATERIA SPICS: 9947 aBunuel Luis e(regista)gCodice regista SPICS: 8694 aKessel Joseph e(soggetto)gCodice Soggetto SPICS: 58529 aLonguet Renee(musica)gCodice Musica SPICS: 58530